000 01507nam a2200361Ia 4500
001 dia_4875
003 CHAP
005 20221208142617.0
008 220117s2006 xx 000 0 und d
010 _a170785
020 _a84-7208-180-X
040 _cCHAP
082 _aC 641.1 P36 2006
100 _aPamplona Roger, Jorge D.
_9147883
245 _aEnciclopedia de los alimentos y su poder curativo : tratado de bromatología y dietoterapia \ Jorge D. Pamplona Roger
260 _aEspaña :
_b Safeliz,
_c2006
300 _a3 v.
440 _aBiblioteca Educación y Salud
_9147884
500 _aTitulo del v.3: Enciclopedia de los alimentos: recetas saludables / preparado por un equipo de expertos en dietetica y nutricion, bajo la direccion medica [de] Jorge D. Pamplona Roger y la colaboracion de Ester Malaxetxebarria
503 _aI. 234468
504 _aIncluye bibliografías
505 _aParte La ciencia de los alimentos \ Parte 2. El poder curativo de los alimentos \ Parte 3. La cocina saludable \ Parte 4. Recetas que previenen y curan
590 _aRA784 P36 2006
650 _aDiet therapy
_9147885
650 _aDietoterapia
_xDiccionarios y enciclopedias
_9147886
650 _aNutrición
_xDiccionarios y enciclopedias
_9147887
650 _aNutrition
_9147888
700 _aMalaxetxebarria, Ester, ed.
_9147889
901 _aC 641.1 P36 2006
902 _aM
905 _a5232272006 sp amn 8282223322spa16
942 _cLIBRO
_2ddc
999 _c170785
_d170785